Insurance assurance (Record no. 67530)
[ view plain ]
| 000 -LEADER | |
|---|---|
| fixed length control field | 01166cam a2200253 4500 |
| 001 - CONTROL NUMBER | |
| control field | ABS64159 |
| 008 - FIXED-LENGTH DATA ELEMENTS--GENERAL INFORMATION | |
| fixed length control field | 000000n2001 000 0 eng u |
| 035 ## - SYSTEM CONTROL NUMBER | |
| System control number | (Sirsi) u113351 |
| 100 ## - MAIN ENTRY--PERSONAL NAME | |
| Personal name | Cox, R. |
| 245 ## - TITLE STATEMENT | |
| Title | Insurance assurance |
| 260 ## - PUBLICATION, DISTRIBUTION, ETC. | |
| Date of publication, distribution, etc. | 2001 |
| 490 ## - SERIES STATEMENT | |
| Series statement | Property Week |
| Volume/sequential designation | 66(24) 15 June 2001, 126(1) |
| 520 ## - SUMMARY, ETC. | |
| Summary, etc. | Outlines the provisions and requirements of inherent defects insurance (IDI) which provides cover for 10-12 years after practical completion against the cost of remedial works necessary due to poor design, materials and workmanship without the need to prove negligence of a third party. The policy, which can be taken out by any party or combination of parties, requires the appointment of an independent consulting engineer, known as the technical auditor (TA), who monitors the project from design though construction and acts as the insurer's risk assessor. |
| 590 ## - LOCAL NOTE (RLIN) | |
| Local note | ABS |
| 650 ## - SUBJECT ADDED ENTRY--TOPICAL TERM | |
| Topical term or geographic name entry element | DEFECTS |
| 650 ## - SUBJECT ADDED ENTRY--TOPICAL TERM | |
| Topical term or geographic name entry element | IDI |
| 650 ## - SUBJECT ADDED ENTRY--TOPICAL TERM | |
| Topical term or geographic name entry element | INHERENT DEFECTS |
| 650 ## - SUBJECT ADDED ENTRY--TOPICAL TERM | |
| Topical term or geographic name entry element | INHERENT DEFECTS INSURANCE |
| 650 ## - SUBJECT ADDED ENTRY--TOPICAL TERM | |
| Topical term or geographic name entry element | RISK ASSESSMENT |
| 650 ## - SUBJECT ADDED ENTRY--TOPICAL TERM | |
| Topical term or geographic name entry element | RISK ASSESSORS |
| 650 ## - SUBJECT ADDED ENTRY--TOPICAL TERM | |
| Topical term or geographic name entry element | TECHNICAL AUDITORS |
| 690 ## - LOCAL SUBJECT ADDED ENTRY--TOPICAL TERM (OCLC, RLIN) | |
| Topical term or geographic name as entry element | INSURANCE |
| 9 (RLIN) | 6249 |
| 942 ## - ADDED ENTRY ELEMENTS (KOHA) | |
| Suppress in OPAC | 0 |
| Withdrawn status | Lost status | Source of classification or shelving scheme | Damaged status | Not for loan | Home library | Current library | Shelving location | Date acquired | Total Checkouts | Full call number | Barcode | Date last seen | Copy number | Price effective from | Koha item type |
|---|---|---|---|---|---|---|---|---|---|---|---|---|---|---|---|
| Dewey Decimal Classification | London | London | Journal article | 28/06/2001 | ABS64159 | 113351-1001 | 06/08/2019 | 1 | 06/08/2019 | Journal article |